Click Timeline : Key Events in French History - Statistics

General Stats
  • This quiz has been taken 142 times
  • The average score is 12 of 13
Answers on the Map
Answers color-coded by a green-red scale on the quiz's map according to % correct below.
 
Answer Stats
Answer % Correct
Start of the First World War
97%
Start of the Second World War
97%
Defeat of Napoleon Bonaparte at Waterloo
96%
Storming of the Bastille by the French revolutionaries
95%
Defeat of Vercingetorix by Julius Caesar at Alesia
92%
Normandy landings
91%
Coronation of Emperor Charlemagne
89%
Charlie Hebdo attacks
88%
Abolition of the death penalty enacted under François Mitterrand
87%
Separation of Church and State
84%
Start of the Hundred Years’ War
83%
Start of the reign of Louis XIV, the Sun King
82%
Victory of Francis I at Marignano
82%
No matching quizzes found
Score Distribution
Percent of People with Each Score
Percentile by Number Answered
Your Score History
You have not taken this quiz